[Event "Asia-chT blitz (Women) 5th"]
[Site "Ashkhabad"]
[Date "2017.09.27"]
[Round "5.1"]
[White "Antonova, Nadezhda"]
[Black "Pinphetsawan, Sirikwan"]
[Result "1-0"]
[WhiteElo "2024"]
[BlackElo "1504"]
[PlyCount "131"]
[EventDate "2017.09.27"]
[EventType "team-swiss (blitz)"]
[EventRounds "5"]
[EventCountry "TKM"]
[SourceTitle "EXT 2018"]
[Source "ChessBase"]
[SourceDate "2017.10.13"]
[SourceVersion "1"]
[SourceVersionDate "2017.10.13"]
[SourceQuality "1"]
[WhiteTeam "Tajikistan"]
[BlackTeam "Thailand"]
[WhiteTeamCountry "TJK"]
[BlackTeamCountry "THA"]

1. d4 Nf6 2. Nf3 g6 3. c4 c5 4. Nc3 Bg7 5. e4 cxd4 6. Nxd4 d6 7. Be2 0-0 8. 0-0 Nc6 9. Be3 Bd7 10. Qd2 Ng4 11. Bxg4 Bxg4 12. f3 Bd7 13. Rfd1 Qa5 14. Rac1 Nxd4 15. Bxd4 Bc6 16. Bxg7 Kxg7 17. Qd4+ Kg8 18. a3 a6 19. Ra1 Rac8 20. b4 Qg5 21. a4 Rfe8 22. b5 axb5 23. cxb5 Bd7 24. Nd5 Be6 25. Qd2 Qh5 26. Rac1 Kg7 27. Qd4+ Kg8 28. Rxc8 Rxc8 29. Nxe7+ Kf8 30. Nxc8 Bxc8 31. Qxd6+ Kg7 32. Qd4+ Kh6 33. Qe3+ Kg7 34. Rd8 Be6 35. g4 Qh4 36. Qd4+ Kh6 37. Qd2+ Kg7 38. Rd4 Qf6 39. Rb4 Qxf3 40. Qd4+ Kh6 41. Qd2+ Kg7 42. Rb2 h6 43. Qg2 Qe3+ 44. Qf2 Qg5 45. h3 Qe5 46. Rd2 Qa1+ 47. Kg2 Qxa4 48. Qd4+ Qxd4 49. Rxd4 f5 50. exf5 gxf5 51. gxf5 Bxf5 52. Kg3 Kg6 53. Rd6+ Kg7 54. Rb6 Be4 55. Kf4 Bd5 56. Ke5 Bh1 57. h4 h5 58. Kd6 Bf3 59. Kc7 Bg2 60. Rxb7 Kf6 61. Kb6 Kf5 62. Rh7 Bf3 63. Kc7 Kf4 64. b6 Kf5 65. b7 Bxb7 66. Kxb7 1-0

[Event "Asian-ch Indoor Games qual (Women Rapid"]
[Site "Bangkok"]
[Date "2017.05.20"]
[Round "1.2"]
[White "Pinphetsawan, Sirikwan"]
[Black "Tuorila, Nina"]
[Result "1-0"]
[WhiteElo "1547"]
[BlackElo "1085"]
[PlyCount "79"]
[EventDate "2017.05.20"]
[EventType "swiss (rapid)"]
[EventRounds "9"]
[EventCountry "THA"]
[SourceTitle "EXT 2024"]
[Source "ChessBase"]
[SourceDate "2023.10.10"]
[SourceVersion "1"]
[SourceVersionDate "2023.10.10"]
[SourceQuality "1"]

1. e4 d6 2. Nf3 Nf6 3. Nc3 g6 4. d4 Bg7 5. Be3 0-0 6. Qd2 Nbd7 7. Bd3 e5 8. 0-0-0 Re8 9. Bh6 exd4 10. Ne2 c5 11. Bxg7 Kxg7 12. Ng3 b6 13. h4 Ne5 14. h5 Nxf3 15. gxf3 Rh8 16. hxg6 hxg6 17. Rxh8 Qxh8 18. Rh1 Nh7 19. Qh6+ Kg8 20. Nf5 Bxf5 21. exf5 Qg7 22. fxg6 fxg6 23. Be4 Qxh6+ 24. Rxh6 Rf8 25. Rxg6+ Kh8 26. Rxd6 Ng5 27. Rh6+ Kg8 28. Rg6+ Kf7 29. Rxg5 Ke7 30. Rg7+ Rf7 31. Rxf7+ Kxf7 32. a4 a5 33. f4 Kf6 34. f5 Ke5 35. f3 Kf6 36. Kd2 Ke5 37. Kd3 Kf6 38. Kc4 Ke5 39. Kb5 Kf6 40. Kxb6 1-0

[Event "Asian-ch Indoor Games qual (Women Rapid"]
[Site "Bangkok"]
[Date "2017.05.20"]
[Round "4.3"]
[White "Tuorila, Christina"]
[Black "Pinphetsawan, Sirikwan"]
[Result "0-1"]
[WhiteElo "1435"]
[BlackElo "1547"]
[PlyCount "74"]
[EventDate "2017.05.20"]
[EventType "swiss (rapid)"]
[EventRounds "9"]
[EventCountry "THA"]
[SourceTitle "EXT 2024"]
[Source "ChessBase"]
[SourceDate "2023.10.10"]
[SourceVersion "1"]
[SourceVersionDate "2023.10.10"]
[SourceQuality "1"]

1. d4 d5 2. Bf4 Nf6 3. e3 e6 4. Nf3 c5 5. Nbd2 b6 6. c3 Be7 7. Bd3 Nbd7 8. Ne5 Bb7 9. Qf3 0-0 10. Qh3 Re8 11. g4 Nf8 12. Rg1 Ng6 13. Nxg6 fxg6 14. g5 Ne4 15. Qxe6+ Kh8 16. Nxe4 Bxg5 17. Qh3 Bxf4 18. exf4 dxe4 19. Bc4 cxd4 20. Rxg6 Bd5 21. Bb5 Re7 22. b3 Bf7 23. Rg5 a6 24. Be2 d3 25. Bh5 Qd6 26. Qg3 g6 27. Bg4 Qc6 28. Kd2 Rg8 29. f5 h6 30. fxg6 Rxg6 31. Rxg6 Qxg6 32. h3 Qg5+ 33. Qe3 Qf6 34. Re1 h5 35. Bc8 Rc7 36. Bxa6 Qxc3+ 37. Kd1 Qc2# 0-1

[Event "THA pre olympic qual (Women)"]
[Site "Bangkok"]
[Date "2016.05.20"]
[Round "6"]
[White "Atthaworadej, Worasuda"]
[Black "Pinphetsawan, Sirikwan"]
[Result "1-0"]
[WhiteElo "1681"]
[BlackElo "1639"]
[PlyCount "109"]
[EventDate "2016.05.14"]
[EventType "swiss"]
[EventRounds "9"]
[EventCountry "THA"]
[SourceTitle "CBM 172 Extra"]
[Source "ChessBase"]
[SourceDate "2016.06.21"]
[SourceVersion "1"]
[SourceVersionDate "2016.06.21"]
[SourceQuality "1"]

1. e4 d6 2. d4 Nf6 3. Nc3 e5 4. dxe5 dxe5 5. Qxd8+ Kxd8 6. Nf3 Bd6 7. Bc4 Be6 8. Bxe6 fxe6 9. Be3 Nc6 10. 0-0-0 Ke7 11. a3 Rad8 12. Nd2 a6 13. g3 h6 14. h3 b5 15. f4 Rhf8 16. Rhf1 b4 17. axb4 Bxb4 18. fxe5 Nxe5 19. Bf4 Bd6 20. Nf3 Nxf3 21. Rxf3 Bxf4+ 22. gxf4 Rxd1+ 23. Kxd1 Rb8 24. b3 Rb4 25. Re3 c5 26. Ke2 c4 27. Na2 Rb6 28. Kf3 cxb3 29. Rxb3 Nd7 30. Rxb6 Nxb6 31. Nb4 Nc4 32. Nxa6 Na3 33. Nb4 Nb5 34. e5 h5 35. Ke4 g6 36. Nc6+ Kd7 37. Nd4 Nc3+ 38. Kf3 Ke7 39. Ne2 Na4 40. Kg3 Nc5 41. Nc3 Na6 42. Ne4 Nb4 43. c4 Nc6 44. Kh4 Nd4 45. Kg5 Kf7 46. Kh6 Nf5+ 47. Kg5 Kg7 48. c5 Nd4 49. Kh4 Nf5+ 50. Kg5 Nd4 51. Nd2 Nc6 52. Nf3 Kf7 53. Nh4 Ne7 54. c6 Nxc6 55. Nxg6 1-0

[Event "THA-chT"]
[Site "Bangkok"]
[Date "2015.12.05"]
[Round "4.4"]
[White "Pinphetsawan, Sirikwan"]
[Black "Phitchayarom, Ruja"]
[Result "0-1"]
[WhiteElo "1733"]
[BlackElo "1561"]
[PlyCount "83"]
[EventDate "2015.12.04"]
[EventType "team-swiss"]
[EventRounds "9"]
[EventCountry "THA"]
[SourceTitle "EXT 2017"]
[Source "ChessBase"]
[SourceDate "2016.10.25"]
[SourceVersion "1"]
[SourceVersionDate "2016.10.25"]
[SourceQuality "1"]
[WhiteTeam "Bangapi Thursday Club"]
[BlackTeam "Din Daeng II"]
[WhiteTeamCountry "THA"]
[BlackTeamCountry "THA"]

1. e4 c5 2. Nf3 d6 3. d4 cxd4 4. Nxd4 Nf6 5. Nc3 g6 6. Be3 Bg7 7. Qd2 0-0 8. 0-0-0 Nc6 9. Nb3 Bd7 10. Be2 Rc8 11. Bh6 Ne5 12. Bxg7 Kxg7 13. f4 Nc4 14. Bxc4 Rxc4 15. e5 Ne8 16. exd6 Nxd6 17. g4 Bxg4 18. Rdg1 Bf3 19. Qe3 Bxh1 20. Rxh1 Nf5 21. Qxa7 Qc7 22. Nd2 Rxf4 23. Nd5 Qc6 24. c4 Rxc4+ 25. Nxc4 Qxd5 26. Rd1 Qxc4+ 27. Kb1 Rc8 28. Qf2 Qe4+ 29. Ka1 Rc2 30. Qb6 Qe2 31. Rb1 Nd6 32. Qd4+ f6 33. Qb4 Qxh2 34. Qe1 Qe2 35. Qb4 Qc4 36. Qe1 Re2 37. Qh1 b5 38. Re1 Rxe1+ 39. Qxe1 Qe4 40. Qc1 h5 41. a3 h4 42. Qe3 0-1

[Event "THA-chT"]
[Site "Bangkok"]
[Date "2015.12.05"]
[Round "3.4"]
[White "Pinphetsawan, Sirikwan"]
[Black "Punpuckdeekoon, Matang"]
[Result "1-0"]
[WhiteElo "1733"]
[BlackElo "985"]
[PlyCount "83"]
[EventDate "2015.12.04"]
[EventType "team-swiss"]
[EventRounds "9"]
[EventCountry "THA"]
[SourceTitle "EXT 2017"]
[Source "ChessBase"]
[SourceDate "2016.10.25"]
[SourceVersion "1"]
[SourceVersionDate "2016.10.25"]
[SourceQuality "1"]
[WhiteTeam "Bangapi Thursday Club"]
[BlackTeam "Bangapi Surprise"]
[WhiteTeamCountry "THA"]
[BlackTeamCountry "THA"]

1. e4 e5 2. Nf3 Nc6 3. d4 exd4 4. Nxd4 Ne5 5. Be2 Nf6 6. f3 Bc5 7. Nc3 0-0 8. Nb3 Be7 9. Bg5 Nh5 10. Bxe7 Qxe7 11. Qd2 Nf6 12. 0-0-0 a6 13. f4 Nc6 14. e5 Ne8 15. g4 d6 16. exd6 Nxd6 17. f5 f6 18. h4 b5 19. Qd5+ Rf7 20. Qxc6 Bb7 21. Qc5 Bxh1 22. Rxh1 Rb8 23. Bf3 Rff8 24. Qd5+ Kh8 25. Nd4 Rbe8 26. Ne6 Rf7 27. Ne2 Rc8 28. N2f4 Kg8 29. g5 c6 30. Qd3 fxg5 31. hxg5 Rxf5 32. Bg4 g6 33. Bxf5 Nxf5 34. Qc3 Qb7 35. Qf6 c5 36. Nxg6 Qxh1+ 37. Kd2 hxg6 38. Qxg6+ Kh8 39. Qf6+ Kh7 40. Qxf5+ Kg8 41. Qg6+ Kh8 42. Qg7# 1-0